000 00887nam a22002537a 4500
999 _c64905
_d64905
005 20240530110757.0
008 190113s2017 ua cf f 000 0dara d
017 _a2017/4059
_bمصر. دار الكتب
020 _a9789779111636
040 _aEG-CaGPL
_cEG-CaGPL
082 0 4 _221
_a709.04071092 /
_bأ س
100 0 _aاحلام فكرى
245 1 0 _aسوسن عامر :
_bرمزية الفن الشعبى /
_cاحلام فكرى
250 _aط.1
260 _aالقاهرة :
_bالهيئة المصرية العامة للكتاب،
_c2017.
300 _a104 + 2 ص. :
_bايض ؛
_c20 سم.
490 0 _aسلسلة ذاكرة الفنون ؛
_v18.
650 0 7 _2qrmak
_aالفولكلور
650 0 7 _2qrmak
_aالفن
_xمدارس
650 0 7 _2qrmak
_aالفن
_xفلسفة
651 _2qrmak
942 _2ddc
_cBK